| 000 | 00609nam a2200193Ia 4500 | ||
|---|---|---|---|
| 005 | 20240604024732.0 | ||
| 008 | 240331s9999 xx 000 0 und d | ||
| 082 |
_bREA _a361 |
||
| 100 | _aWignaraja, P. ed | ||
| 245 | 0 |
_aReadings on pro-poor planning through social mobilisation in South Asia : _bthe strategic option for poverty eradication |
|
| 260 |
_aNew Delhi _bVikas Publishing House PVT LTD _c1998 |
||
| 300 | _axix,377 p., | ||
| 650 | _aPoverty Eradication | ||
| 650 | _aPro-Poor Planning | ||
| 650 | _aSocial Mobilisation | ||
| 700 | _aWignaraja, P. ed | ||
| 700 | _aSirivardana,S | ||
| 942 | _cL | ||
| 999 |
_c2905 _d2905 |
||